Paesi più vicini al Liechtenstein - Statistics

Statistiche generali
  • Questo quiz è stato fatto 100 volte
  • Il punteggio medio è 18 su 20
Statistiche sulle risposte
km nazione % Corretto
0 Austria
100%
150 Francia
100%
33 Germania
100%
68 Italia
100%
0 Svizzera
100%
372 Belgio
96%
334 Cechia
95%
465 Paesi Bassi
95%
300 Slovenia
94%
556 Slovacchia
93%
338 Lussemburgo
91%
556 Polonia
90%
492 Ungheria
90%
348 Croazia
89%
409 San Marino
87%
400 Monaco
86%
716 Spagna
85%
617 Città del Vaticano
83%
521 Bosnia ed Erzegovina
82%
720 Serbia
79%
Nessun quiz corrispondente trovato
Distribuzione punteggi
Percentuale di utenti per punteggio
Percentile per numero di risposta
I tuoi punteggi nel tempo
Non hai fatto questo quiz